| 000 | 00000nam##2200000za#4500 |
| 001 | 9.614977 |
| 003 | CaOODSP |
| 005 | 20210929082757 |
| 007 | ta |
| 008 | 150406|1999||||xxc||||| f|0| 0 eng|d |
| 020 | |a0-662-28281-7 |
| 022 | |a1209-6571 |
| 040 | |aCaOODSP|beng |
| 043 | |an-cn--- |
| 086 | 1 |aFo29-47/19-1999E |
| 110 | 1 |aCanada. |bNatural Resources Canada. |bCanadian Forest Service. |
| 245 | 10|aMicroarthropod voucher specimens|cby M. Clayton and L. Humble. |
| 260 | |aVictoria - British Columbia : |bNatural Resources Canada. |c1999. |
| 300 | |a6p. : |billus., references ; |c28 cm. |
| 490 | 1 |aTechnology transfer note|x1209-6571|vNo. 19, December 1999 |
| 563 | |aPamphlet |
| 590 | |a00-28|b2000-07-14 |
| 690 | 07|aBiological diversity|2gcpds |
| 690 | 07|aForests|2gcpds |
| 690 | 07|aInsects|2gcpds |
| 720 | 1 |aClayton, M. |
| 720 | 1 |aHumble, L. |
| 776 | 0#|tMicroarthropod voucher specimens|w(CaOODSP)9.572372 |
| 830 | #0|aTechnology transfer note,|x1209-6571|vNo. 19, December 1999|w(CaOODSP)9.514646 |